| 000 | 00824nam a22002417a 4500 | ||
|---|---|---|---|
| 005 | 20170705135900.0 | ||
| 010 | _aENG-108607 | ||
| 020 |
_a9789350095126 _c350.00 |
||
| 035 | _aEN-92140 | ||
| 035 | _aB-534668-677 | ||
| 035 | _aB-664574 | ||
| 037 | _bDBAD/PUB | ||
| 037 |
_bBSB/Ven _adpl |
||
| 082 | _aN | ||
| 100 | _aChakraborti, Rajorshi | ||
| 245 |
_aLost men / _cby Rajorshi Chakraborti |
||
| 260 |
_aGurgaon _bHachette Book Publishing _c2013 |
||
| 270 |
_a4th/5th Floors, Corporate Centre, Sector 44 _bGurgaon _e122003 |
||
| 300 |
_a252p. _c22cm(pbk) |
||
| 942 |
_2ddc _cEN _mCHA _hN |
||
| 999 |
_c80244 _d80244 |
||